| 000 | 00387nam a2200133Ia 4500 | ||
|---|---|---|---|
| 008 | 220217s9999||||xx |||||||||||||| ||und|| | ||
| 020 | _a0-07-463810-6 | ||
| 082 | _a005.13 PAP | ||
| 100 |
_aPappas, Chris, H Murray, William, H _93380 |
||
| 245 | 0 | _aComplete reference visual C++ 6 | |
| 260 |
_aTata mcgraw hill _bNew Delhi _c1999 |
||
| 300 | _b395 | ||
| 650 | _aPROGRAMMING LANGUAGE | ||
| 999 |
_c171534 _d171534 |
||